000 00457nam a2200157 i 4500
001 27370
003 ES-MaACL
005 20230906153614.0
007 t|
008 030114s1925 pe ||||1| spa d
100 1 _aArrús, Oscar F.
_923402
245 1 3 _aEl costo de la vida en Lima y causas de su carestía /
_cpor Oscar F. Arrús.
260 _aLima :
_bLa Opinión Nacional,
_c1925.
300 _a40 p. ;
_c21 cm.
852 _aES-MaACL
_j1684-F-1
_bR.5072
999 _c27370
_d27370